000
00291nam a22001097a 4500
008
160427b xxu||||| |||| 00| 0 eng d
020
_a
0801660408
041
_a
eng
080
_a
618.2
245
1
0
_a
Psychiatric nursing:
_c
Judith Haber; Anita Leach McMahon; Pam Price-Hoskins;
942
_2
udc
_c
BK
999
_c
1629
_d
1629